Downton Abbey Upstairs - Statistics

General Stats
  • This quiz has been taken 238 times
  • The average score is 15 of 19
Answer Stats
Hint Answer % Correct
American wife of the above Lady Grantham
99%
Head of the Crawley family Lord Grantham
99%
Former chauffeur, moved from downstairs to up, when he married the above Tom Branson
96%
Youngest daughter, women's rights advocate Sybil Crawley
95%
Eldest daughter who eventually marries a race car driver Mary Crawley
94%
Becomes the Marchioness of Hexham Edith Crawley
93%
Lawyer from Manchester; new heir Matthew Crawley
93%
The Dowager Countess Violet Crawley
91%
Mother of the above Isobel Crawley
88%
Lord Grantham's grandson George
81%
Cousin, daughter of the Marquess of Flintshire Lady Rose
80%
Lord Grantham's youngest granddaughter Marigold
78%
Son of the heir that died on the Titanic Patrick Crawley
77%
Sister of Lord Grantham Lady Rosamund Painswick
74%
Maiden name of the above Cora Levinson
69%
Lord Grantham's eldest granddaughter Miss Sybbie
69%
Her American play-boy brother Harold Levinson
65%
Mother-in-law of Lord Grantham Martha Levinson
55%
Husband of the above Atticus Aldridge
52%
No matching quizzes found
Score Distribution
Percent of People with Each Score
Percentile by Number Answered
Your Score History
You have not taken this quiz